00904nam a22002537a 45000010005000000030006000050050017000110080041000280200017000690400029000860500016001151000027001312450084001582500032002422600043002743000043003174900026003605050008003865200145003945210029005395210020005686500032005887000030006207388FISKH20250711141331.0250711b cb ||||| |||| 00| 0 eng d a051487002506 aFISKHbengcFISKHdFISKH aPZ7.C4528 M aChristian, Mary Blount aThe mysterious case case /cby Mary Blount Christmas : illustrated Ellen Eagle  aFirst Troll Printing , 1988 aNew York : bTroll Associates ,c1985. a48 pages : billustrations ;c20 cm .  aDetermined Detectives aH  aBoy detectives Fenton and Gerald and their rival Mae Donna find their sleuthing talents severely tested when they tangle with a bank robber.8 a430 bLexile estimate 8 aH bRaz-Plus  aMysteryvChildren's Fiction aEagle, ElleneIllustrator